01042nam a2200241 a 4500001001000000005001700010008004100027041000800068044000600076050002200082100004500104245010500149260004100254300002500295500018400320500004900504504003600553650005200589650005600641650003400697650004500731700002400776BRCA_843820190320210259.0120511s1949----u--#######---#000-0#eng-# aeng au 4aPQ6323b.C47 19491 aCervantes Saavedra, Miguel ded1547-161610aThe ingenious gentleman Don Quixote de la ManchacMiguel de Cervantes ; translated by Samuel Putnam. aNueva YorkbThe Modern Libraryc1949 axxx, 1043 p.c21 cm. aTranslation from the Spanish, with a Critical Text Based upon the First Editions of 1605 and 1615, and with Variant Readings, Variorum Notes, and an Introduction by Samuel Putnam aLibro donado por el C.P. Eduardo Creel, 1984 aBibliografía : p. [1037]-104314aNovela españolayÉpoca clásica, 1500-170014aLiteratura españolayÉpoca clásica, 1500-170014aNovela españolaySiglo XVII14aDon Quijote (Personaje ficticio)vNovela1 aPutnam, Samueletr.